000 01743na a2200373 4500
001 18434
003 MIRAKIL
005 20181213155036.0
008 161118b tu 000 0
020 _a9786056111808
040 _aMilas
_btur
_cTR-AnCHP
041 _atur
082 _a327.40561
_bV59 2010
090 _a327.40561 V59 2010
245 _aVizesiz Avrupa'ya giden yol
_binişler, çıkışlar, vurdumduymazlıklar ve bir hak arama kavgasının anatomisi
_chazırlayan Harun Gümrükçü ; derleyen Beyhan Aksoy
246 _aİnişler, çıkışlar, vurdumduymazlıklar ve bir hak arama kavgasının anatomisi
260 _aAntalya
_bAkdeniz Üniversitesi
_c2010
300 _a331 s.
_btbl. , grf.
_c21 sm.
440 _aKitap Yayınevi
_v302
490 _aVizesiz Avrupa dizisi
_v3
500 _aMetin Türkçe, İngilizce ve Almancadır.
504 _aKaynakçalar bölüm altlarındadır.
505 _a1. Vizesiz Avrupa'ya giden yol: İnişler, çıkışlar, vurdumduymazlıklar ve bir hak arama kavgasının anatomisi -- 2. Tır kaptanlarının başarısı ve vizesiz Avrupa'ya giden yol -- 3. Vizesiz Avrupa ve Avrupa'da kazanılmış haklarımıza dair değerlendirmeler -- Basında soysal davası ve yankıları
650 _aSerbest dolaşım
_zAvrupa Birliği ülkeleri
650 _aAB uyum süreci
651 _aAvrupa Birliği
_xDış ilişkiler
_zTürkiye
651 _aTürkiye
_xDış ilişkiler
_zAvrupa Birliği
700 _aAksoy, Beyhan
700 _aGümrükçü, Harun
710 _aUluslararası Sivil Toplumu Destekleme ve Geliştirme Derneği (USİDER)
710 _aVizesiz Avrupa Derneği
710 _aAkdeniz Üniversitesi
_bVizesiz Avrupa Araştırma Grubu
942 _2dcc
_cBKS
999 _c5434
_d5434